Modern management: Ideas and issues (Record no. 25530)

MARC details
000 -LEADER
fixed length control field 00305nam a2200121Ia 4500
082 ## - DEWEY DECIMAL CLASSIFICATION NUMBER
Classification number 065
Item number HAM
100 ## - MAIN ENTRY--AUTHOR NAME
Personal name Hampton, David R
245 #0 - TITLE STATEMENT
Title Modern management: Ideas and issues
250 ## - EDITION STATEMENT
Edition statement Ed.2
260 ## - PUBLICATION, DISTRIBUTION, ETC. (IMPRINT)
Place of publication New Delhi
Name of publisher Prentice Hall
Year of publication 1976
942 ## - ADDED ENTRY ELEMENTS (KOHA)
Koha item type Books
Holdings
Withdrawn status Lost status Damaged status Not for loan Home library Current library Date acquired Cost, normal purchase price Full call number Accession Number Koha item type
        RRII Library RRII Library 16/12/2021 22.00 065 HAM 06187 Books